Islam in India's transition to modernity / (Record no. 809)
[ view plain ]
| 000 -LEADER | |
|---|---|
| fixed length control field | nam a22 a 4500 |
| 003 - CONTROL NUMBER IDENTIFIER | |
| control field | AKMAL |
| 005 - DATE AND TIME OF LATEST TRANSACTION | |
| control field | 20170505131342.0 |
| 008 - FIXED-LENGTH DATA ELEMENTS--GENERAL INFORMATION | |
| fixed length control field | 170505 1969 ii 000 eng d |
| 040 ## - CATALOGING SOURCE | |
| Original cataloging agency | AKMAL |
| 082 ## - DEWEY DECIMAL CLASSIFICATION NUMBER | |
| Classification number | 297.1 KAR |
| 090 ## - LOCALLY ASSIGNED LC-TYPE CALL NUMBER (OCLC); LOCAL CALL NUMBER (RLIN) | |
| Classification number (OCLC) (R) ; Classification number, CALL (RLIN) (NR) | 297.1 |
| Local cutter number (OCLC) ; Book number/undivided call number, CALL (RLIN) | KAR |
| 100 1# - MAIN ENTRY--PERSONAL NAME | |
| Personal name | Karandikar, Maheshwar Anant, |
| Dates associated with a name | 1909- |
| 9 (RLIN) | 1761 |
| 245 10 - TITLE STATEMENT | |
| Title | Islam in India's transition to modernity / |
| Statement of responsibility, etc. | [by] M.A. Karandikar ; foreword by Achyut patwardhan. |
| 260 ## - PUBLICATION, DISTRIBUTION, ETC. | |
| Place of publication, distribution, etc. | Westport, Conn. : |
| Name of publisher, distributor, etc. | Greewood, |
| Date of publication, distribution, etc. | 1969. |
| 300 00 - PHYSICAL DESCRIPTION | |
| Extent | xix,414p. ; |
| Dimensions | 22cm. |
| 504 ## - BIBLIOGRAPHY, ETC. NOTE | |
| Bibliography, etc. note | Includes bibliographical references. |
| 650 ## - SUBJECT ADDED ENTRY--TOPICAL TERM | |
| Topical term or geographic name entry element | Muslims in India |
| 9 (RLIN) | 1762 |
| 651 ## - SUBJECT ADDED ENTRY--GEOGRAPHIC NAME | |
| Geographic name | India |
| General subdivision | Pol. & govt. |
| Chronological subdivision | 1765-1947. |
| 9 (RLIN) | 1763 |
| 942 ## - ADDED ENTRY ELEMENTS (KOHA) | |
| Source of classification or shelving scheme | |
| Koha item type | Book |
| Withdrawn status | Lost status | Source of classification or shelving scheme | Damaged status | Not for loan | Collection code | Home library | Current library | Shelving location | Date acquired | Inventory number | Total Checkouts | Full call number | Barcode | Date last seen | Price effective from | Koha item type |
|---|---|---|---|---|---|---|---|---|---|---|---|---|---|---|---|---|
| NON-FICTION | AKMAL Melaka | AKMAL Melaka | PINJAMAN | 05.05.2017 | 200010 | 297.1 KAR | 201701796 | 05.05.2017 | 05.05.2017 | Book |
